Дефектовка и ремонт коленчатого вала; Прогрессивные технологии и экономика в машиностроении

Bibliographic Details
Parent link:Прогрессивные технологии и экономика в машиностроении.— 2019.— [С. 47-48]
Main Author: Валуев Д. Р.
Corporate Author: Национальный исследовательский Томский политехнический университет (ТПУ) Юргинский технологический институт (филиал) (ЮТИ) Отделение промышленных технологий (ОПТ)
Other Authors: Сапрыкина Н. А. Наталья Анатольевна (научный руководитель)
Summary:Заглавие с экрана
Представлены основные неисправности кривошипно-шатунного механизма и детально рассмотрены дефекты коленчатого вала, их диагностирование и ремонт.
Language:Russian
Published: 2019
Series:Современные промышленные технологии
Subjects:
Online Access:http://earchive.tpu.ru/handle/11683/53136
Format: Electronic Book Chapter
KOHA link:https://koha.lib.tpu.ru/cgi-bin/koha/opac-detail.pl?biblionumber=629259

MARC

LEADER 00000naa2a2200000 4500
001 629259
005 20231102024403.0
035 |a (RuTPU)RU\TPU\conf\29755 
035 |a RU\TPU\conf\29754 
090 |a 629259 
100 |a 20190416d2019 k y0rusy50 ca 
101 0 |a rus 
102 |a RU 
105 |a y z 101zy 
135 |a drcn ---uucaa 
181 0 |a i  
182 0 |a b 
200 1 |a Дефектовка и ремонт коленчатого вала  |f Д. Р. Валуев  |g науч. рук. Н. А. Сапрыкина 
203 |a Текст  |c электронный 
225 1 |a Современные промышленные технологии 
230 |a 1 компьютерный файл (pdf; 155 Kb) 
300 |a Заглавие с экрана 
320 |a [Библиогр.: с. 48 (2 назв.)] 
330 |a Представлены основные неисправности кривошипно-шатунного механизма и детально рассмотрены дефекты коленчатого вала, их диагностирование и ремонт. 
463 0 |0 (RuTPU)RU\TPU\conf\29747  |t Прогрессивные технологии и экономика в машиностроении  |o сборник трудов X Всероссийской научно-практической конференции для студентов и учащейся молодежи, 4-6 апреля 2019 г., Юрга  |f Национальный исследовательский Томский политехнический университет (ТПУ), Юргинский технологический институт (ЮТИ) ; под ред. Е. А. Зернина  |v [С. 47-48]  |d 2019 
610 1 |a электронный ресурс 
610 1 |a труды учёных ТПУ 
610 1 |a дефектовка 
610 1 |a ремонт 
610 1 |a коленчатые валы 
610 1 |a износ 
610 1 |a кривошипно-шатунные механизмы 
700 1 |a Валуев  |b Д. Р. 
702 1 |a Сапрыкина  |b Н. А.  |c специалист в области машиностроения  |c доцент Юргинского технологического иститута (филиала) Томского политехнического университета, кандидат технических наук  |f 1977-  |g Наталья Анатольевна  |2 stltpush  |4 727  |9 12204 
712 0 2 |a Национальный исследовательский Томский политехнический университет (ТПУ)  |b Юргинский технологический институт (филиал) (ЮТИ)  |b Отделение промышленных технологий (ОПТ)  |h 8376  |2 stltpush  |3 (RuTPU)RU\TPU\col\24717 
801 2 |a RU  |b 63413507  |c 20190419  |g RCR 
856 4 |u http://earchive.tpu.ru/handle/11683/53136 
942 |c BK